The Wayside Motor Inn : a play in two acts /

Bibliographic Details
Main Author: Gurney, A. R. (Albert Ramsdell), 1930-2017
Format: Book
Language:English
Published: New York : Dramatists Play Service, [1978]

MARC

Tag First Indicator Second Indicator Subfields
LEADER 00000cam a2200000 a 4500
001 in00000559913
005 20171021063619.0
008 780713s1978 nyua 00010 engm
010 |a  78104898  
035 |a (OCoLC)04114736 
035 |9 ACK3688AM 
040 |a DLC  |c DLC  |d m.c.  |d TXA  |d UtOrBLW 
049 |a TXAM  |c [A08962334] 
050 0 0 |a PS3557.U82  |b W3 
082 0 |a 812/.5/4 
100 1 |a Gurney, A. R.  |q (Albert Ramsdell),  |d 1930-2017. 
245 1 4 |a The Wayside Motor Inn :  |b a play in two acts /  |c by A.R. Gurney, Jr. 
264 1 |a New York :  |b Dramatists Play Service,  |c [1978] 
264 4 |c ©1978 
300 |a 78 pages :  |b illustrations ;  |c 20 cm. 
336 |a text  |b txt  |2 rdacontent 
337 |a unmediated  |b n  |2 rdamedia 
338 |a volume  |b nc  |2 rdacarrier 
999 |a MARS 
999 f f |s 6f87bf27-e579-349c-98f6-871d58614006  |i 72a414a9-be03-3aaa-a6ae-3a3be706f164  |t 0 
952 f f |p ric  |a Texas A&M University  |b Rellis Campus  |c Joint Library Facility  |d Remote Storage  |t 0  |e PS3557.U82 W3  |h Library of Congress classification  |i unmediated -- volume  |m A14808962334 
998 f f |a PS3557.U82 W3  |t 0  |l Remote Storage